Chemical engineering data book (Record no. 36437)

000 -LEADER
fixed length control field 00504nam a22001931 4500
001 - CONTROL NUMBER
control field 36437
003 - CONTROL NUMBER IDENTIFIER
control field BD-DhUET
008 - FIXED-LENGTH DATA ELEMENTS--GENERAL INFORMATION
fixed length control field 871013s1958 enka 000 0 eng u
040 ## - CATALOGING SOURCE
Original cataloging agency DLC
Transcribing agency DLC
Modifying agency BD-DhUET
082 ## - DEWEY DECIMAL CLASSIFICATION NUMBER
Classification number 660.28
Item number ROS/1962
100 ## - MAIN ENTRY--PERSONAL NAME
Personal name Ross, T. K.
245 00 - TITLE STATEMENT
Title Chemical engineering data book
250 ## - EDITION STATEMENT
Edition statement 1st ed.
260 ## - PUBLICATION, DISTRIBUTION, ETC. (IMPRINT)
Place of publication, distribution, etc. London
Name of publisher, distributor, etc. Leonard Hill
Date of publication, distribution, etc. 1962
300 ## - PHYSICAL DESCRIPTION
Extent x,998p.
Other physical details ill.
Dimensions 22 cm.
650 #0 - SUBJECT ADDED ENTRY--TOPICAL TERM
Topical term or geographic name as entry element Chemical engineering-Data processing
700 1# - ADDED ENTRY--PERSONAL NAME
Personal name Freshwater, D. C.
942 ## - ADDED ENTRY ELEMENTS (KOHA)
Koha item type General Book
Holdings
Price effective from Koha normalized classification for sorting Date acquired Koha full call number Source of classification or shelving scheme Shelving location Koha date last seen Piece designation (barcode) Lost status Copy number Sublocation or collection (holding branch) Koha item type Not for loan Withdrawn status Damaged status Location (home branch)
2016-01-07660_280000000000000_ROS_19622016-01-07660.28/ROS/1962 Reference section2016-01-0722468 1Central Library, BUETGeneral Book   Central Library, BUET
2016-01-07660_280000000000000_ROS_19622016-01-07660.28/ROS/1962 Reference section2016-01-0722469 2Central Library, BUETGeneral Book   Central Library, BUET
2016-01-07660_280000000000000_ROS_19622016-01-07660.28/ROS/1962 Reference section2016-01-0722474 3Central Library, BUETGeneral Book   Central Library, BUET
2016-01-07660_280000000000000_ROS_19622016-01-07660.28/ROS/1962 Reference section2016-01-0722473 4Central Library, BUETGeneral Book   Central Library, BUET
2016-01-07660_280000000000000_ROS_19622016-01-07660.28/ROS/1962 Reference section2016-01-0722470 5Central Library, BUETGeneral Book   Central Library, BUET
2016-01-07660_280000000000000_ROS_19622016-01-07660.28/ROS/1962 Reference section2016-01-0722471 6Central Library, BUETGeneral Book   Central Library, BUET
2016-01-07660_280000000000000_ROS_19622016-01-07660.28/ROS/1962 Reference section2016-01-0722475 7Central Library, BUETGeneral Book   Central Library, BUET
2016-01-07660_280000000000000_ROS_19622016-01-07660.28/ROS/1962 Reference section2016-01-0712046 8Central Library, BUETGeneral Book   Central Library, BUET